00181nam a2200073Ia 4500008004100000100000900041245002000050260003700070190216s9999||||xx |||||||||||||| ||und|| aNull 0aHindi-Alpajeevi bKerala Sasthra Sahithya Parishad